Statistics for Countries of the world with no map

Click here to take the quiz!

General Stats

  • This quiz has been taken 54 times
    (39 since last reset)
  • The average score is 165 of 197

Answer Stats

Answer% Correct
Argentina
93%
Brazil
93%
China
93%
Cuba
93%
Democratic Republic of the Congo
93%
Dominica
93%
Dominican Republic
93%
Ecuador
93%
France
93%
Grenada
93%
Iceland
93%
Indonesia
93%
Ireland
93%
Malta
93%
New Zealand
93%
Norway
93%
Pakistan
93%
Paraguay
93%
Peru
93%
Portugal
93%
Republic of the Congo
93%
Russia
93%
San Marino
93%
Slovakia
93%
Slovenia
93%
Spain
93%
Suriname
93%
Sweden
93%
Trinidad and Tobago
93%
Ukraine
93%
United Kingdom
93%
Uruguay
93%
Vatican City
93%
Afghanistan
87%
Albania
87%
Algeria
87%
Andorra
87%
Angola
87%
Antigua and Barbuda
87%
Armenia
87%
Australia
87%
Austria
87%
Azerbaijan
87%
Bahamas
87%
Bahrain
87%
Belarus
87%
Belgium
87%
Belize
87%
Bhutan
87%
Botswana
87%
Cambodia
87%
Canada
87%
Central African Republic
87%
Chad
87%
Chile
87%
Colombia
87%
Cote d'Ivoire
87%
Czech Republic
87%
Denmark
87%
Djibouti
87%
Egypt
87%
Eritrea
87%
Eswatini
87%
Ethiopia
87%
Finland
87%
Gabon
87%
Gambia
87%
Germany
87%
Ghana
87%
Greece
87%
Guinea
87%
Guinea-Bissau
87%
Guyana
87%
Haiti
87%
Hungary
87%
India
87%
Jamaica
87%
Japan
87%
Kazakhstan
87%
Kyrgyzstan
87%
Laos
87%
Lesotho
87%
Libya
87%
Liechtenstein
87%
Luxembourg
87%
Malaysia
87%
Marshall Islands
87%
Mexico
87%
Moldova
87%
Monaco
87%
Mongolia
87%
Morocco
87%
Mozambique
87%
Namibia
87%
Netherlands
87%
Niger
87%
Nigeria
87%
North Korea
87%
North Macedonia
87%
Oman
87%
Palau
87%
Panama
87%
Poland
87%
Qatar
87%
Romania
87%
Saint Kitts and Nevis
87%
Saint Lucia
87%
Saint Vincent and the Grenadines
87%
Sao Tome and Principe
87%
Senegal
87%
Serbia
87%
Sierra Leone
87%
Solomon Islands
87%
Somalia
87%
South Africa
87%
South Korea
87%
South Sudan
87%
Sudan
87%
Switzerland
87%
Taiwan
87%
Tajikistan
87%
Togo
87%
Tonga
87%
Turkmenistan
87%
United Arab Emirates
87%
United States
87%
Uzbekistan
87%
Venezuela
87%
Vietnam
87%
Yemen
87%
Zambia
87%
Zimbabwe
87%
Bangladesh
80%
Barbados
80%
Benin
80%
Bolivia
80%
Bosnia and Herzegovina
80%
Brunei
80%
Bulgaria
80%
Burkina Faso
80%
Burundi
80%
Cameroon
80%
Costa Rica
80%
El Salvador
80%
Equatorial Guinea
80%
Estonia
80%
Fiji
80%
Georgia
80%
Guatemala
80%
Honduras
80%
Iran
80%
Iraq
80%
Israel
80%
Italy
80%
Jordan
80%
Kenya
80%
Kiribati
80%
Kosovo
80%
Latvia
80%
Liberia
80%
Lithuania
80%
Madagascar
80%
Maldives
80%
Mali
80%
Mauritania
80%
Mauritius
80%
Micronesia
80%
Montenegro
80%
Nauru
80%
Nepal
80%
Philippines
80%
Rwanda
80%
Samoa
80%
Saudi Arabia
80%
Singapore
80%
Sri Lanka
80%
Syria
80%
Tanzania
80%
Tunisia
80%
Turkey
80%
Tuvalu
80%
Uganda
80%
Vanuatu
80%
Comoros
73%
Croatia
73%
Cyprus
73%
Kuwait
73%
Lebanon
73%
Malawi
73%
Nicaragua
73%
Seychelles
73%
Papua New Guinea
67%
Thailand
67%
Cabo Verde
33%
Palestine
33%
Myanmar (Burma)
7%
East Timor (Timor-Leste)
0%

Score Distribution

Percentile by Number Answered

Percent of People with Each Score

Your Score History

You have not taken this quiz since the last reset